MARC details
| 000 -LÍDER |
| campo de controle de tamanho fixo |
02133nam a22003137a 4500 |
| 001 - NÚMERO DE CONTROLE |
| campo de controle |
289 |
| 003 - IDENTIFICADOR DO NÚMERO DE CONTROLE |
| campo de controle |
OSt |
| 005 - DATA E HORÁRIO DA ÚLTIMA TRANSAÇÃO |
| campo de controle |
20250617151231.0 |
| 008 - CAMPO DE DADOS FIXOS--INFORMAÇÃO GERAL |
| campo de controle de tamanho fixo |
250317b |||||||g |||| 00| 0 eng d |
| 020 ## - ISBN - INTERNATIONAL STANDARD BOOK NUMBER |
| ISBN - International Standard Book Number |
8501029122 |
| 040 ## - FONTE DA CATALOGAÇÃO |
| Idioma da catalogação |
por |
| 041 ## - CÓDIGO DE IDIOMA |
| Código do idioma do original e/ou traduções intermediárias do texto |
eng |
| Código do idioma do texto/trilha sonora ou título diferente |
por |
| 082 ## - CDD - CLASSIFICAÇÃO DECIMAL DE DEWEY |
| Número de Classificação |
158.1 |
| Número do exemplar |
F828c |
| 100 1# - ENTRADA PRINCIPAL--NOME PESSOAL |
| Nome pessoal |
Frank, Milo O., |
| Datas associadas ao nome |
1928- |
| 9 (RLIN) |
543 |
| 240 ## - TÍTULO UNIFORME |
| Título uniforme |
How to get your point across in 30 seconds |
| 245 ## - TÍTULO |
| Título |
Como apresentar suas ideias em 30 segundos, ou menos |
| Indicação de responsabilidade, etc. |
Frank, MIlo. O. ; Tradução de Mario Silvio Molina |
| 250 ## - EDIÇÃO |
| Declaração de edição |
14° ed. |
| 260 ## - PUBLICAÇÃO, DISTRIBUIÇÃO, ETC. |
| Local de publicação, distribuição, etc. |
Rio de Janeiro |
| Nome do editor, distribuidor, etc. |
Record |
| Data da publicação, distribuição, etc. |
2003 |
| 300 ## - DESCRIÇÃO FÍSICA |
| Extensão |
129 p. |
| 520 ## - NOTA DE RESUMO, ETC. |
| Resumo, etc. |
O mundo contemporâneo exige que as pessoas vivam a mil, sempre apressadas, resolvendo milhares de problemas no mesmo tempo. Se você tem grandes objetivos na vida, não pode deixar ninguém esperando, precisa ser o primeiro a chegar e defender objetivamente suas opiniões. Como apresentar suas idéias em 30 segundos – ou menos mostra que você pode ser ágil para acompanhar o ritmo das negociações e das relações com chefes, subordinados e colegas de trabalho.Saber se expressar é fundamental para difundir idéias, defender argumentos, convencer e fazer valer suas opiniões. Comunicação eficaz é transmitir para outros aquilo que está guardando em sua mente, é compartilhar pensamentos e interagir com o mundo em sua à sua volta. No entanto, o mundo não vai esperar que você elabore argumentos minuciosos e apresente coisas irrelevantes. É necessário aprender a falar aquilo que importa; capturar a atenção das pessoas por tempo suficiente para que entendam o que você está dizendo e façam aquilo que você deseja. Trinta segundos é tudo que se tem para expressar suas opiniões e conquistar o interesse de seu interlocutor. Este livro ensina como atingir níveis de sucesso nunca imaginados. |
| 650 #0 - ASSUNTO--TERMO TÓPICO |
| Cabeçalho tópico ou nome geográfico |
Literatura Americana |
| 9 (RLIN) |
84 |
| 650 #0 - ASSUNTO--TERMO TÓPICO |
| Cabeçalho tópico ou nome geográfico |
Comunicação |
| 9 (RLIN) |
544 |
| 650 #0 - ASSUNTO--TERMO TÓPICO |
| Cabeçalho tópico ou nome geográfico |
Auto Conhecimento |
| 9 (RLIN) |
19 |
| 650 #0 - ASSUNTO--TERMO TÓPICO |
| Cabeçalho tópico ou nome geográfico |
Administração |
| 9 (RLIN) |
545 |
| 650 #0 - ASSUNTO--TERMO TÓPICO |
| Cabeçalho tópico ou nome geográfico |
Desenvolvimento Pessoal |
| 9 (RLIN) |
546 |
| 655 #0 - TERMO DE ÍNDICE--GÊNERO E FORMA |
| Gênero/forma/ou termo foco |
Não Ficção |
| 700 ## - ENTRADA ADICIONADA - NOME PESSOAL |
| Nome pessoal |
Mario Silvio Molina |
| Função do autor por extenso |
Tradução |
| 9 (RLIN) |
547 |
| 942 ## - ELEMENTOS DE ENTRADA ADICIONADOS (KOHA) |
| Fonte de classificação ou esquema de arquivamento |
Classificação decimal de Dewey |
| Ocultar no OPAC |
Não |
| Tipo de material Koha |
Livros |